书目信息 |
| 题名: |
科普文摘
|
|
| 作者: | ;上海市科普创作协会 , 上海科学技术出版社 编 | |
| 分册: | 1 | |
| 出版信息: | 上海 上海科学技术出版社 1980 |
|
| 页数: | 190页 | |
| 开本: | 19cm | |
| 丛书名: | ||
| 单 册: | ||
| 中图分类: | Z89 | |
| 科图分类: | ||
| 主题词: | 文摘 , 索引 | |
| 电子资源: | ||
| ISBN: | ||
| 000 | 00751nam0 2200229 45 | |
| 001 | 0181015676 | |
| 005 | 20060421092907.18 | |
| 010 | @dCNY0.50 | |
| 091 | @a13119.868 | |
| 100 | @a20810111d1980 km y0chiy0120 ea | |
| 101 | 0 | @achi |
| 102 | @aCN@b310000 | |
| 200 | 1 | @a科普文摘@Ake pu wen zhai@h1@f上海市科普创作协会,上海科学技术出版社编@Fshang hai shi ke pu chuang zuo xie hui,shang hai ke xue ji shu chu ban she bian |
| 210 | @a上海@c上海科学技术出版社@d1980 | |
| 215 | @a190页@d19cm | |
| 606 | 0 | @a文摘 |
| 606 | 0 | @a索引 |
| 690 | @aZ89@v3 | |
| 711 | 02 | @a上海市科普创作协会@Ashang hai shi ke pu chuang zuo xie hui@4编 |
| 711 | 0 | @a上海科学技术出版社@Ashang hai ke xue ji shu chu ban she@4编 |
| 801 | @aCN@bTSTC@c20060421 | |
| 905 | @dZ89@e1/80 | |
| 科普文摘.1/上海市科普创作协会,上海科学技术出版社编.-上海:上海科学技术出版社,1980 |
| 190页;19cm |
| ISBN :CNY0.50 |
| ● |
| 相关链接 |
|
|
|
|
正题名:科普文摘
索取号:Z89/1/80
 
预约/预借
| 序号 | 登录号 | 条形码 | 馆藏地/架位号 | 状态 | 备注 |
| 1 | 0040856 | 202147300 | 密集书库/ [索取号:Z89/1/80] | 在馆 | |
| 2 | 0076592 | 202246408 | 密集书库/ [索取号:Z89/1/80] | 在馆 | |
| 3 | 0076593 | 202246319 | 密集书库/ [索取号:Z89/1/80] | 在馆 |